000 00542nam a2200169Ia 4500
003 IN-BaIIA
008 211028s9999 xx 000 0 eng d
040 _cIIA Library
080 _a535.33
_bFER
245 0 _aApplied spectroscopy
_bvol. 1, selected reprints and review articles
_cedited by John R. Ferraro
260 _aNew York
_bSociety of Applied Spectroscopy
_c1970
300 _a137p.
500 _aIn India distrubuted by K Krishnamurthy, Madras
650 _aSpectroscopy
_91535
700 _aFerraro, John R., ed.
_96826
942 _cBK
999 _c3836
_d3836